| 000 | 00660nam a22001577a 4500 | ||
|---|---|---|---|
| 008 | 160506b xxu||||| |||| 00| 0 eng d | ||
| 082 |
_22013 _aUT 0492 _bF66 |
||
| 100 |
_97660 _aFlores, Gwen Daryl L. |
||
| 245 |
_aFarming system and sustainability of agriculture among farmers in municipality of Hagonoy Davao del Sur/ _cGwen Daryl L. Flores, Rotche Val C. Daño aaand Jeffrey G. Labajo. |
||
| 260 |
_aDigos City: _bUMDC _cNovember 2013. |
||
| 300 |
_a70 pages; _c29.7 cm. |
||
| 650 | 0 |
_97654 _aBusiness Administration _vMarketing Management _xUndergraduate thesis. |
|
| 700 |
_97652 _aDaño, Rotche Val C. |
||
| 700 |
_97653 _aLabajo, Jeffrey G. |
||
| 942 |
_2ddc _cUT |
||
| 999 |
_c2335 _d2335 |
||